| 000 | 02627nam a2200445 i 4500 | ||
|---|---|---|---|
| 001 | 50432 | ||
| 003 | FINmELB | ||
| 005 | 20241216232226.0 | ||
| 006 | m o u | ||
| 007 | cr cn||||||||| | ||
| 008 | 220815s2020 sp a ob 001 0 spa d | ||
| 020 |
_a9788436843057 _q(digital) |
||
| 020 |
_z9788436843040 _q(impreso) |
||
| 035 | _a(OCoLC)1342050954 | ||
| 040 |
_aFINmELB _bspa _erda _cFINmELB |
||
| 041 | _aspa | ||
| 050 | 4 |
_aBF697.5.S46 _bP764 2020 |
|
| 080 | _a159.94 | ||
| 080 | _a372.3 | ||
| 082 | 0 | 4 |
_a155.232 _223 |
| 245 | 0 | 0 |
_aPrograma SENTIA : _bpromoción de la autoestima en Educación Infantil / _cIsabel Páez [y otros 4]. |
| 264 | 1 |
_aMadrid : _bPirámide, _c2020. |
|
| 300 |
_a1 recurso en línea (178 páginas) : _bilustraciones |
||
| 336 |
_atexto _btxt _2rdacontent/spa |
||
| 337 |
_acomputadora _bc _2rdamedia/spa |
||
| 338 |
_arecurso en línea _bcr _2rdacarrier/spa |
||
| 490 | 1 | _aOjos solares. Programas | |
| 504 | _apáginas 153-159. | ||
| 520 | 3 | _aReseña del editor: Esta obra presenta un programa innovador para la promoción de la autoestima en la etapa de Educación Infantil. El programa SENTIA consta de un total de veinticuatro sesiones en las que se trabajan las cuatro dimensiones principales de la autoestima: social, familiar, física y académica. Todas las actividades están explicadas al detalle con recomendaciones para el docente. El programa utiliza una metodología activa a través de actividades divertidas, secuenciadas, focalizadas en un objetivo y que trabajan de manera explícita cada una de las dimensiones de la autoestima. La primera parte del libro hace un recorrido teórico por la conceptualización, el desarrollo, la relevancia y las características de la autoestima y de los programas que la promocionan. Incorpora también una explicación detallada de los objetivos, contenidos, estructura y metodología del programa. Si bien las aulas de Educación Infantil parecen un contexto ideal para este tipo de programas, también puede ser útil para otros educadores. | |
| 588 | _aDescripción basada en metadatos suministrados por el editor y otras fuentes. | ||
| 590 | _aRecurso electrónico. Santa Fe, Arg.: elibro, 2022. Disponible vía World Wide Web. El acceso puede estar limitado para las bibliotecas afiliadas a elibro. | ||
| 650 | 4 | _aAutoestima. | |
| 650 | 4 | _aEducación infantil. | |
| 650 | 4 |
_aNiños _xActitudes. |
|
| 655 | 4 | _aLibros electrónicos. | |
| 700 | 1 |
_aPáez, Isabel, _ecoautor. |
|
| 797 | 2 | _aelibro, Corp. | |
| 830 | 0 | _aOjos solares. Programas. | |
| 856 | 4 | 0 | _uhttps://elibro.net/ereader/politecnicointernacional/216162 |
| 999 |
_c50432 _d50432 |
||